[Event "DEN-chT 1819 57th"]
[Site "Denmark"]
[Date "2019.03.17"]
[Round "9.2"]
[White "Munk, Kai"]
[Black "Andersen, Ib Hother"]
[Result "0-1"]
[WhiteElo "1982"]
[BlackElo "2145"]
[PlyCount "128"]
[EventDate "2018.10.27"]
[EventType "team-tourn"]
[EventRounds "9"]
[EventCountry "DEN"]
[SourceTitle "CBM 189 Extra"]
[Source "ChessBase"]
[SourceDate "2019.06.03"]
[SourceVersion "1"]
[SourceVersionDate "2019.06.03"]
[SourceQuality "1"]
[WhiteTeam "Skanderborg Nordea"]
[BlackTeam "Hillerod"]
[WhiteTeamCountry "DEN"]
[BlackTeamCountry "DEN"]

1. Nf3 Nf6 2. g3 d5 3. Bg2 c6 4. b3 Bg4 5. Bb2 Nbd7 6. d4 e6 7. Nbd2 Bd6 8. Ne5 Bf5 9. 0-0 0-0 10. Nxd7 Qxd7 11. Re1 a5 12. a4 Rfe8 13. e4 dxe4 14. Nxe4 Nxe4 15. Bxe4 Bxe4 16. Rxe4 Be7 17. Qe2 Bf6 18. Re1 c5 19. c3 cxd4 20. cxd4 Red8 21. Rc1 Rac8 22. Rxc8 Rxc8 23. Qd3 Qd5 24. f4 g6 25. Re2 Rc6 26. Re3 h5 27. h3 Bg7 28. Qd1 Rd6 29. Kh2 Bxd4 30. Bxd4 Qxd4 31. Qxd4 Rxd4 32. Kg2 h4 33. Rc3 Kg7 34. Kf3 hxg3 35. Kxg3 Kf6 36. h4 b6 37. Kg4 Rb4 38. Re3 Ke7 39. Kg5 Rd4 40. Rc3 Rd5+ 41. Kg4 Kd7 42. Rc4 Rc5 43. Rd4+ Kc6 44. Rd8 Rf5 45. Rd4 b5 46. axb5+ Rxb5 47. Rc4+ Rc5 48. Ra4 Kb5 49. Rd4 Rf5 50. Re4 Kc6 51. Rc4+ Rc5 52. Ra4 Rb5 53. Rc4+ Kd6 54. Ra4 Ke7 55. Ra1 Kf6 56. Ra2 Kg7 57. Ra3 Kh6 58. Kg3 Kh5 59. Kh3 Rd5 60. Kg3 f5 61. b4 axb4 62. Rb3 Rb5 63. Rd3 b3 64. Rd8 Kh6 0-1

[Event "DEN-ch Seniors 65+"]
[Site "Hvidovre"]
[Date "2018.02.13"]
[Round "2"]
[White "Larsen, Preben R"]
[Black "Munk, Kai"]
[Result "1/2-1/2"]
[WhiteElo "1809"]
[BlackElo "2023"]
[PlyCount "92"]
[EventDate "2018.02.12"]
[EventType "swiss"]
[EventRounds "7"]
[EventCountry "DEN"]
[SourceTitle "EXT 2020"]
[Source "ChessBase"]
[SourceDate "2019.10.17"]
[SourceVersion "1"]
[SourceVersionDate "2019.10.17"]
[SourceQuality "1"]

1. e4 d5 2. exd5 Qxd5 3. Nc3 Qd6 4. Nf3 Nf6 5. d4 Bg4 6. Be2 c6 7. Ne5 Bxe2 8. Nxe2 Nbd7 9. Nd3 e5 10. dxe5 Nxe5 11. Nxe5 Qxe5 12. Qd4 Bd6 13. Qxe5+ Bxe5 14. 0-0 0-0 15. Bf4 Rfe8 16. Bxe5 Rxe5 17. Ng3 Rd8 18. Rfd1 Red5 19. Rxd5 Rxd5 20. Nf1 Kf8 21. Ne3 Rd2 22. Rd1 Rxd1+ 23. Nxd1 Nd5 24. a3 Ke7 25. Kf1 a5 26. Ke2 b5 27. Ne3 Ke6 28. Nxd5 Kxd5 29. Kd3 c5 30. b3 c4+ 31. bxc4+ bxc4+ 32. Ke3 Kc5 33. c3 Kb5 34. Kd4 Ka4 35. Kxc4 Kxa3 36. Kd5 a4 37. c4 Kb4 38. c5 a3 39. c6 a2 40. c7 a1Q 41. c8Q Qd1+ 42. Ke5 f6+ 43. Kf4 Qd4+ 44. Kg3 Qc3+ 45. Qxc3+ Kxc3 46. Kf3 Kd4 1/2-1/2

[Event "DEN-chT 1718 56th"]
[Site "Denmark"]
[Date "2017.12.03"]
[Round "3.2"]
[White "Munk, Kai"]
[Black "Klitgaard, Thomas"]
[Result "1/2-1/2"]
[WhiteElo "2003"]
[BlackElo "2195"]
[PlyCount "45"]
[EventDate "2017.11.18"]
[EventType "team-tourn"]
[EventRounds "9"]
[EventCountry "DEN"]
[SourceTitle "CBM 181 Extra"]
[Source "ChessBase"]
[SourceDate "2017.12.12"]
[SourceVersion "1"]
[SourceVersionDate "2017.12.12"]
[SourceQuality "1"]
[WhiteTeam "Skanderborg Nordea"]
[BlackTeam "Nordre"]
[WhiteTeamCountry "DEN"]
[BlackTeamCountry "DEN"]

1. d4 Nf6 2. Nf3 g6 3. Bf4 Bg7 4. e3 0-0 5. Bc4 c5 6. c3 b6 7. 0-0 d6 8. h3 Qc7 9. Na3 a6 10. Qe2 Bb7 11. Rac1 Nbd7 12. Rfd1 b5 13. Bd3 Rac8 14. e4 Qb8 15. Bb1 Qa8 16. d5 Nb6 17. Nc2 Na4 18. Nce1 b4 19. Qc2 Nb6 20. c4 Nfd7 21. b3 Qb8 22. Qd2 Rfe8 23. Bg3 1/2-1/2

[Event "DEN-ch G5-2A"]
[Site "Skorping"]
[Date "2017.04.15"]
[Round "3"]
[White "Frambol, Christian Emil"]
[Black "Munk, Kai"]
[Result "0-1"]
[WhiteElo "1763"]
[BlackElo "1979"]
[PlyCount "44"]
[EventDate "2017.04.13"]
[EventType "swiss"]
[EventRounds "5"]
[EventCountry "DEN"]
[SourceTitle "EXT 2018"]
[Source "ChessBase"]
[SourceDate "2017.10.13"]
[SourceVersion "1"]
[SourceVersionDate "2017.10.13"]
[SourceQuality "1"]

1. e4 g6 2. d4 Bg7 3. Nf3 d6 4. Nc3 Bg4 5. Be3 Nd7 6. Qd2 Bxf3 7. gxf3 c6 8. f4 Qa5 9. Bg2 e6 10. f5 0-0-0 11. fxe6 fxe6 12. 0-0-0 Ngf6 13. Kb1 Kb8 14. Bh3 e5 15. d5 c5 16. Bxd7 Rxd7 17. Qe2 a6 18. a4 Nh5 19. Qc4 Rf8 20. Rdf1 Rf3 21. Bd2 Rdf7 22. Nd1 Qxd2 0-1

[Event "EU-Cup 32nd"]
[Site "Novi Sad"]
[Date "2016.11.10"]
[Round "5.5"]
[White "Munk, Kai"]
[Black "In't Veld, Daan"]
[Result "0-1"]
[WhiteElo "2039"]
[BlackElo "2218"]
[PlyCount "146"]
[EventDate "2016.11.06"]
[EventType "team-swiss"]
[EventRounds "7"]
[EventCountry "SRB"]
[SourceTitle "CBM 176"]
[Source "ChessBase"]
[SourceDate "2017.01.17"]
[SourceVersion "1"]
[SourceVersionDate "2017.01.17"]
[SourceQuality "1"]
[WhiteTeam "Skanderborg Nordea"]
[BlackTeam "Kennemer Combinatie"]
[WhiteTeamCountry "DEN"]
[BlackTeamCountry "NED"]

1. d4 f5 2. Nf3 Nf6 3. c4 d6 4. Nc3 g6 5. h3 Bg7 6. Bf4 Nc6 7. e3 0-0 8. Rc1 Ne4 9. d5 Nxc3 10. bxc3 Na5 11. Nd4 Bd7 12. Be2 c6 13. 0-0 Rc8 14. Bg5 Qe8 15. Bf4 Qf7 16. Nb3 Nxb3 17. Qxb3 b6 18. Bf3 e5 19. dxe6 Bxe6 20. Be2 Be5 21. Qa4 Bxf4 22. exf4 d5 23. cxd5 Bxd5 24. c4 Be6 25. Rfd1 c5 26. Rd6 Rcd8 27. Rcd1 Rxd6 28. Rxd6 Qe7 29. Qd1 Re8 30. Qd3 Kf8 31. Qd2 Bf7 32. Bf1 Kg8 33. f3 Qe1 34. Qc2 Qe3+ 35. Qf2 Qc1 36. Qd2 Qxd2 37. Rxd2 Re1 38. Rc2 Kf8 39. Kf2 Ra1 40. Bd3 Ke7 41. Ke2 Kd6 42. Kd2 b5 43. Kc3 bxc4 44. Bxc4 Bxc4 45. Kxc4 Kc6 46. Kc3 a5 47. Re2 Rc1+ 48. Kb2 Rg1 49. Kc3 a4 50. Rd2 Rc1+ 51. Kb2 Re1 52. Kc3 h5 53. a3 Re3+ 54. Kb2 h4 55. Rd8 Re2+ 56. Kc3 Rxg2 57. Rg8 Rg1 58. Rc8+ Kd6 59. Rg8 Rc1+ 60. Kb2 Rc4 61. Rxg6+ Kd5 62. Rg8 Rxf4 63. Rd8+ Kc4 64. Ra8 Kd3 65. Rd8+ Ke3 66. Rc8 Kxf3 67. Rxc5 Kg2 68. Rc3 Rf2+ 69. Kc1 Rf3 70. Rc4 Kxh3 71. Rxa4 Kg3 72. Ra8 Rf4 73. a4 h3 0-1

[Event "DEN-chT 1314 52nd"]
[Site "Denmark"]
[Date "2014.02.16"]
[Round "7.8"]
[White "Munk, Kai"]
[Black "Andersen, Ib Hother"]
[Result "1-0"]
[WhiteElo "2033"]
[BlackElo "2119"]
[PlyCount "81"]
[EventDate "2013.11.02"]
[EventType "team-tourn"]
[EventRounds "9"]
[EventCountry "DEN"]
[SourceTitle "EXT 2023"]
[Source "ChessBase"]
[SourceDate "2022.10.05"]
[SourceVersion "1"]
[SourceVersionDate "2022.10.05"]
[SourceQuality "1"]
[WhiteTeam "Nordea"]
[BlackTeam "Hillerod"]
[WhiteTeamCountry "DEN"]
[BlackTeamCountry "DEN"]

1. d4 Nf6 2. c4 e6 3. Nf3 Bb4+ 4. Bd2 Bxd2+ 5. Nbxd2 d5 6. g3 0-0 7. Bg2 Nc6 8. 0-0 Qe7 9. Re1 Rd8 10. e3 e5 11. cxd5 Nxd5 12. e4 Nb6 13. d5 Nb8 14. Qb3 Kh8 15. Nc4 Nxc4 16. Qxc4 c6 17. Rac1 Bg4 18. Nd2 f6 19. Nb3 Bh5 20. Qc5 Qc7 21. Qc3 Qb6 22. a4 cxd5 23. exd5 Na6 24. Qe3 Qxe3 25. Rxe3 Rac8 26. Rec3 Rxc3 27. Rxc3 Bf7 28. Nc5 Nxc5 29. Rxc5 g6 30. Rc7 Bxd5 31. Bxd5 Rxd5 32. Rxb7 Rd2 33. a5 a6 34. b4 Rb2 35. b5 axb5 36. a6 Ra2 37. a7 Kg8 38. Rb8+ Kf7 39. a8Q Rxa8 40. Rxa8 Ke6 41. Rb8 1-0

[Event "EU-Cup 29th"]
[Site "Rhodes"]
[Date "2013.10.20"]
[Round "1.4"]
[White "Polaczek, Richard"]
[Black "Munk, Kai"]
[Result "0-1"]
[WhiteElo "2427"]
[BlackElo "2033"]
[PlyCount "80"]
[EventDate "2013.10.20"]
[EventType "team-swiss"]
[EventRounds "7"]
[EventCountry "GRE"]
[SourceTitle "CBM 157"]
[Source "ChessBase"]
[SourceDate "2013.11.12"]
[SourceVersion "1"]
[SourceVersionDate "2013.11.12"]
[SourceQuality "1"]
[WhiteTeam "Eynatten"]
[BlackTeam "Skanderborg Nordea"]
[WhiteTeamCountry "BEL"]
[BlackTeamCountry "DEN"]

1. d4 g6 2. e4 d6 3. Nc3 a6 4. Be3 Bg7 5. h4 h5 6. Qd2 Nd7 7. Nh3 Ndf6 8. f3 Bxh3 9. Rxh3 e6 10. 0-0-0 Bh6 11. Bxh6 Nxh6 12. Be2 Qe7 13. Rg1 Nd7 14. g4 hxg4 15. fxg4 0-0-0 16. g5 Ng8 17. Rf1 Kb8 18. Na4 Nb6 19. Nxb6 cxb6 20. Rhf3 Rf8 21. Qe1 f5 22. Bc4 Re8 23. Re3 Qc7 24. Bb3 Re7 25. d5 Reh7 26. dxe6 Ne7 27. Rh3 Qc5 28. Qg3 fxe4 29. Rf7 Nf5 30. Qe1 d5 31. Rxf5 gxf5 32. g6 Rg7 33. h5 f4 34. Rh4 f3 35. Qg3+ Ka7 36. Rh2 Qe3+ 37. Kd1 Rxh5 38. Rxh5 Qe2+ 39. Kc1 f2 40. Rh1 Rxg6 0-1

[Event "DEN-chT 1112 50th"]
[Site "Denmark"]
[Date "2012.01.29"]
[Round "6.7"]
[White "Pedersen, Sven"]
[Black "Munk, Kai"]
[Result "1/2-1/2"]
[WhiteElo "2139"]
[BlackElo "2032"]
[PlyCount "48"]
[EventDate "2011.10.29"]
[EventType "team-tourn"]
[EventRounds "9"]
[EventCountry "DEN"]
[SourceTitle "EXT 2013"]
[Source "ChessBase"]
[SourceDate "2012.11.22"]
[SourceVersion "1"]
[SourceVersionDate "2012.11.22"]
[SourceQuality "1"]
[WhiteTeam "BMS"]
[BlackTeam "Nordea"]
[WhiteTeamCountry "DEN"]
[BlackTeamCountry "DEN"]

1. e4 c5 2. Nf3 d6 3. d4 cxd4 4. Nxd4 Nf6 5. Nc3 a6 6. Be3 e5 7. Nb3 Be6 8. Qd2 Be7 9. f3 Nbd7 10. 0-0-0 Qc7 11. g4 h6 12. h4 Nb6 13. Rg1 0-0-0 14. g5 hxg5 15. hxg5 Nfd7 16. Kb1 Rh5 17. Nd5 Bxd5 18. exd5 Rdh8 19. c4 Rh2 20. Qd3 Na4 21. Rd2 Rxd2 22. Qxd2 f5 23. gxf6 Bxf6 24. Bg5 Qb6 1/2-1/2